Kpop groupes par couvertures d'album #2 - Statistiques

Statistiques générales
  • Ce quiz a été pris 309 fois
  • Le résultat moyen est 9 sur 16
Statistiques - réponses
Par images Réponse % Correct
Stray Kids
94%
EXO
79%
I-dle
77%
Twice
77%
Ive
69%
Kard
56%
Treasure
55%
Ikon
52%
SHINee
49%
Seventeen
48%
Loona
46%
STAYC
43%
Mamamoo
41%
Everglow
39%
Purple Kiss
22%
Cravity
9%
Aucun quiz correspondant
Distribution des résultats
% des personnes avec chaque résultat
Percentile par nombre de réponses
Votre historique - résultats
Vous n’avez pas pris ce quiz